00427nam a22001457a 450000500170000002000180001710000310003524500570006626000290012330000120015249000340016450000390019865000230023770000210026020260112124439.0 a9781441922533 aMartinez-Avendano, Ruben A aIntroduction to operators on the hardy hilbert space aNew YorkbSpringerc2007 axii+220 aGraduate texts in mathematics aGraduate texts in mathematics- 237 aToeplitz operators aRosenthal, Peter